[Event "La Fere op 10th"]
[Site "La Fere"]
[Date "2011.07.08"]
[Round "8.24"]
[White "Pretceille, Jeremie"]
[Black "Eeckhout, Jean Louis"]
[Result "1-0"]
[WhiteElo "1857"]
[BlackElo "1696"]
[PlyCount "79"]
[EventDate "2011.07.02"]
[EventType "swiss"]
[EventRounds "9"]
[EventCountry "FRA"]
[SourceTitle "EXT 2012"]
[Source "ChessBase"]
[SourceDate "2011.11.24"]
[SourceVersion "1"]
[SourceVersionDate "2011.11.24"]
[SourceQuality "1"]

1. e4 c5 2. Nc3 d6 3. g3 Bd7 4. Bg2 Bc6 5. Nge2 e6 6. 0-0 b6 7. d4 cxd4 8. Nxd4 Bb7 9. f4 Nd7 10. Be3 a6 11. Qe2 Qc7 12. Rad1 Ngf6 13. g4 Nc5 14. Bf2 b5 15. g5 b4 16. Nd5 Nxd5 17. exd5 e5 18. Nc6 Bxc6 19. dxc6 Ne6 20. fxe5 Be7 21. Qd3 Rd8 22. Qxa6 0-0 23. Bb6 Ra8 24. Bxc7 Rxa6 25. Bxd6 Re8 26. c7 Bxg5 27. Bb7 Be3+ 28. Kh1 Nxc7 29. Bxa6 Nxa6 30. Rf3 Bc5 31. Rdf1 Bxd6 32. exd6 f6 33. c4 Rd8 34. Rd3 Nc5 35. Rd5 Ne4 36. Re1 f5 37. c5 g6 38. c6 Rxd6 39. Rxd6 Nxd6 40. Rd1 1-0

[Event "La Fere op"]
[Site "La Fere"]
[Date "2010.07.08"]
[Round "7"]
[White "Molet, Asher"]
[Black "Eeckhout, Jean Louis"]
[Result "1-0"]
[WhiteElo "1861"]
[BlackElo "1727"]
[PlyCount "52"]
[EventDate "2010.07.03"]
[EventType "swiss"]
[EventRounds "9"]
[EventCountry "FRA"]
[SourceTitle "CBM 137 Extra"]
[Source "ChessBase"]
[SourceDate "2010.09.01"]
[SourceVersion "1"]
[SourceVersionDate "2010.09.01"]
[SourceQuality "1"]

1. d4 c6 2. Nf3 d5 3. Bf4 Nf6 4. e3 e6 5. Bd3 Bd6 6. 0-0 Qc7 7. Bxd6 Qxd6 8. Ne5 Nbd7 9. f4 Qc7 10. Nd2 b6 11. c4 Bb7 12. Rc1 h5 13. Ndf3 Ne4 14. Bxe4 dxe4 15. Ng5 Nf6 16. Nexf7 Rf8 17. Ne5 Qc8 18. c5 b5 19. Qb3 Nd5 20. Nxe4 Qc7 21. Ng6 Rg8 22. Nd6+ Kd8 23. e4 Ne7 24. Qxe6 Bc8 25. Nxc8 Rxc8 26. Nxe7 Re8 1-0

[Event "La Fere op"]
[Site "La Fere"]
[Date "2010.07.07"]
[Round "6"]
[White "Eeckhout, Jean Louis"]
[Black "Henris, Luc"]
[Result "0-1"]
[WhiteElo "1727"]
[BlackElo "2254"]
[PlyCount "48"]
[EventDate "2010.07.03"]
[EventType "swiss"]
[EventRounds "9"]
[EventCountry "FRA"]
[SourceTitle "CBM 137 Extra"]
[Source "ChessBase"]
[SourceDate "2010.09.01"]
[SourceVersion "1"]
[SourceVersionDate "2010.09.01"]
[SourceQuality "1"]

1. d4 d5 2. c4 e5 3. dxe5 d4 4. a3 Nc6 5. Nf3 Bg4 6. Nbd2 Qe7 7. h3 Bh5 8. Qa4 0-0-0 9. b4 Kb8 10. g4 Bg6 11. Bg2 h5 12. g5 h4 13. Bb2 f6 14. gxf6 gxf6 15. exf6 Nxf6 16. b5 Ne5 17. Bxd4 Nd3+ 18. Kf1 Rxd4 19. Nxd4 Bh6 20. Bxb7 Kxb7 21. Qa6+ Ka8 22. Nc6 Qc5 23. e3 Nxf2 24. Nb3 Bd3+ 0-1

[Event "La Fere op"]
[Site "La Fere"]
[Date "2010.07.04"]
[Round "2"]
[White "Eeckhout, Jean Louis"]
[Black "Dumas, Victor"]
[Result "1/2-1/2"]
[WhiteElo "1727"]
[BlackElo "1849"]
[PlyCount "97"]
[EventDate "2010.07.03"]
[EventType "swiss"]
[EventRounds "9"]
[EventCountry "FRA"]
[SourceTitle "CBM 137 Extra"]
[Source "ChessBase"]
[SourceDate "2010.09.01"]
[SourceVersion "1"]
[SourceVersionDate "2010.09.01"]
[SourceQuality "1"]

1. d4 d5 2. c4 dxc4 3. Qa4+ Nc6 4. Nf3 Nf6 5. Qxc4 Bf5 6. Nc3 e6 7. Bg5 Bb4 8. a3 Qd5 9. Qxd5 Bxc3+ 10. bxc3 Nxd5 11. Rc1 f6 12. Bh4 0-0-0 13. Nd2 Bg6 14. e4 Nb6 15. Be2 Rd7 16. f4 Kb8 17. 0-0 Na5 18. Bg3 Ka8 19. Bf2 Rhd8 20. g4 Nc6 21. f5 exf5 22. gxf5 Bf7 23. Bb5 Re7 24. Rfe1 Na5 25. Bd3 Nac4 26. Nxc4 Bxc4 27. Bc2 Rde8 28. Rcd1 a5 29. Bg3 Bb5 30. Rb1 Ba4 31. Bd3 Ka7 32. Kf2 g6 33. fxg6 hxg6 34. c4 Rd8 35. d5 Nc8 36. e5 fxe5 37. Bxe5 Rf8+ 38. Kg1 b6 39. Bg3 Rxe1+ 40. Rxe1 Nd6 41. Kg2 Bb3 42. Rc1 Kb7 43. Bf2 a4 44. Bg3 Nf5 45. Bxf5 Rxf5 46. d6 cxd6 47. Bxd6 Kc6 48. Bb4 g5 49. Kg3 1/2-1/2

[Event "La Fere op 8th"]
[Site "La Fere"]
[Date "2009.07.07"]
[Round "5"]
[White "Pytel, Bozena"]
[Black "Eeckhout, Jean Louis"]
[Result "1/2-1/2"]
[WhiteElo "1957"]
[BlackElo "1723"]
[PlyCount "56"]
[EventDate "2009.07.04"]
[EventType "swiss"]
[EventRounds "9"]
[EventCountry "FRA"]
[SourceTitle "CBM 131 Extra"]
[Source "ChessBase"]
[SourceDate "2009.09.03"]
[SourceVersion "2"]
[SourceVersionDate "2009.09.16"]
[SourceQuality "1"]

1. Nf3 Nf6 2. d4 d5 3. c3 Bf5 4. Qb3 Qc8 5. Bg5 Nbd7 6. e3 h6 7. Bh4 e6 8. Nbd2 Bd6 9. Be2 0-0 10. 0-0 g6 11. Rac1 b5 12. a4 a6 13. Bxf6 Nxf6 14. Ne5 Bxe5 15. dxe5 Nd7 16. axb5 axb5 17. f4 Ra4 18. Qd1 Qb7 19. Nf3 c5 20. Qd2 Ra2 21. Bd1 Nb6 22. Bb3 Nc4 23. Bxc4 bxc4 24. Ra1 Rfa8 25. Rxa2 Rxa2 26. Rf2 Ra1+ 27. Rf1 Ra2 28. Rf2 Ra1+ 1/2-1/2